000
00294nam a22001337a 4500
008
180827b xxu||||| |||| 00| 0 eng d
020
_a
9780781718691
041
_a
eng
080
_a
615.83
100
_a
8
101
_a
EKZ
245
_a
PHYSICAL EXAMINATION
_c
BICKLEY.L.S
942
_2
udc
_c
BK
999
_c
47332
_d
47332